00933nam a2200217Ia 4500001001800000003000900018008004100027040002300068041001100091100003600102245013800138250001500276260002800291300002500319490000900344501012400353942000700477957000600484999004100490952018400531230-BIL lo (4011)IT-MiSPE171229s9999||||xx |||||||||||||| ||und|| aIT-MiSPEcIT-MiSPE aLATINO aLouis Billot (Ludovicus Billot) 0a(XI) Tractatus de Ecclesia Christi: Sive continuatio theologiae de Verbo incarnatobIV. De habitudine Ecclesiae ad civilem societatem a1a ed. (v) aPratibGiacchettic1910 a167 p. [4 v.]c21 cm v 4° aEdizioni San Paolo srl - Piazza Soncino, 5 - 20092 CINISELLO BALSAMO (MI) (non commercial uses only) ® Copyright 2018 cBK 71 a8329bNOg Copie: 1 c339960d339960 0010406230BIL_LO_401171aCINISELLObCINISELLOd2017-12-30l0o230-BIL lo (4011)r2017-12-30 00:00:00w2017-12-30yBKz(data import: 20 dicembre 2017) - By Epidotti, Vaglietti.